Представление документа в формате RUSMARC

ПолеНазваниеЗначение
  Тип записи a
  Библиографический уровень m
001 Контрольный номер 86c16a42d4954f6bb51216754663ed6a
005 Дата корректировки 20260626100336.7
010 Индекс ISBN __
a ISBN 978-5-392-45874-5
b Уточнения в пер.
9 Тираж 200 экз.
d Цена 819-49
100 Данные общей обработки __
a Данные общей обработки 20260610d2026 m y0rusy028902 ca
101 Язык документа 0_
a Язык текста rus
102 Страна публикации __
a Страна публикации RU
105 Кодированные данные (монография) __
a Кодированные данные (монография) a z 001yy
181 Поле кодированных данных: вид содержания _0
a Код вида содержания (ISBD) i
182 Поле кодированных данных: тип средства _0
a Код типа средства (ISBD) n
200 Заглавие и сведения об ответственности 1_
a Заглавие Коллекционеры и меценаты в России
f Первые сведения об ответственности Александр Боханов
203 Вид содержания и тип средства __
a Вид содержания Текст
c Тип средства непосредственный
210 Выходные данные 1_
a Место издания Москва
c Издательство Проспект
d Дата издания 2026
215 Физическое описание __
a Объем 230, [2] с.
c Иллюстрации/тип воспроизводства фот.
d Формат 22 см
225 Серия 2_
a Серия История и историософия государства Российского
320 Библиография __
a Библиография Именной указатель: с. 194-[198]
320 Библиография __
a Библиография Библиография в подстрочных примечаниях
330 Аннотация __
a Аннотация В книге повествуется о жизни и деятельности владельцев наиболее значительных частных коллекций и меценатов: Бахрушиных, Третьяковых, Щукиных, Морозовых, С. И. Мамонтова, Ю. С. Нечаева-Мальцева и др. Эти люди, сумевшие подняться над кругом интересов социальных групп, с которыми они были связаны своим происхождением и жизненным укладом, оставили заметный след в отечественной истории. Для всех интересующихся отечественной историей.
600 Персоналии _1
2 Код системы nlr_sh
a Персоналии (Фамилия) Бахрушин
b Персоналии (Имя) А. А.
g Полное имя Алексей Александрович
f Даты 1865-1929
600 Персоналии _1
2 Код системы nlr_sh
a Персоналии (Фамилия) Щукин
b Персоналии (Имя) С. И.
g Полное имя Сергей Иванович
f Даты 1854-1936
600 Персоналии _1
2 Код системы nlr_sh
a Персоналии (Фамилия) Третьяков
b Персоналии (Имя) П. М.
g Полное имя Павел Михайлович
f Даты 1832-1898
600 Персоналии _1
2 Код системы nlr_sh
a Персоналии (Фамилия) Морозов
b Персоналии (Имя) С. Т.
g Полное имя Савва Тимофеевич
f Даты 1862-1905
600 Персоналии _1
2 Код системы nlr_sh
a Персоналии (Фамилия) Мамонтов
b Персоналии (Имя) С. И.
g Полное имя Савва Иванович
f Даты 1841-1918
600 Персоналии _1
2 Код системы nlr_sh
a Персоналии (Фамилия) Нечаев-Мальцов
b Персоналии (Имя) Ю. С.
g Полное имя Юрий Степанович
f Даты 1834-1913
606 Тематические рубрики __
2 Код системы nlr_sh
a Основная рубрика История
606 Тематические рубрики __
2 Код системы nlr_sh
a Основная рубрика Россия в XVIII в. - 1917 г.
z Хронологическая подрубрика 19 в.
z Хронологическая подрубрика 20 в. нач.
610 Ключевые слова 0_
a Ключевые слова меценаты
610 Ключевые слова 0_
a Ключевые слова благотворители
610 Ключевые слова 0_
a Ключевые слова коллекционеры
610 Ключевые слова 0_
a Ключевые слова русские меценаты
610 Ключевые слова 0_
a Ключевые слова культурное наследие
610 Ключевые слова 0_
a Ключевые слова художественные коллекции
610 Ключевые слова 0_
a Ключевые слова частные коллекции
686 Индексы других классификаций __
2 Код системы rubbks
a Классификационный индекс 63.3(2)52-8
700 Автор _1
a Фамилия Боханов
b Имя А. Н.
f Даты 1944-2019
g Полное личное имя Александр Николаевич
4 Код отношения 070
801 Источник записи _0
a Страна RU
b Организация Муниципальное бюджетное учреждение культуры "Централизованная библиотечная система" г. Сургут (Центральная городская библиотека им. А. С. Пушкина)
c Дата составления 20260610
g Правила каталогизации PSBO
801 Источник записи _1
a Страна RU
b Организация Муниципальное бюджетное учреждение культуры "Централизованная библиотечная система" г. Сургут (Центральная городская библиотека им. А. С. Пушкина)
c Дата составления 20260610
g Правила каталогизации PSBO
852 Данные о местонахождении __
i Авторский знак Б 86
j Шифр хранения 63.3(2)52-8
900 Макрообъекты __
a Макрообъекты Коллекционеры и меценаты в России. Боханов, А. Н., 2026
901 Тип документа __
a Ответственный КиК/Обаева
t Тип документа m
901 Тип документа __
a Ответственный 7 партия
903 Характеристики (МАРС) __
a Дата передачи 20260610
c Наименование библиотеки (МАРС) Муниципальное бюджетное учреждение культуры "Централизованная библиотечная система" г. Сургут (Центральная городская библиотека им. А. С. Пушкина)
969 Тип издания __
a Тип издания Ф 26
a Тип издания популярное издание
a Тип издания историческая литература
990 Данные о заказе (DOS) __
j Количество экземпляров (DOS) 2
t N записи в КСУ для И/У (DOS) 202607